000 00810nam a2200229Ia 4500
999 _c65360
_d65360
003 GCL
005 20240530110820.0
008 140319s2005 ua a f 000 0 ara d
016 _22004/17785
_aمصر . دار الكتب
020 _a9773458318
040 _aGCL /
_cGCL
082 0 4 _a746.7
_bف م
100 1 _aفايل ، جوجو
245 1 2 _aالمشايات :
_bفن وابداع وصناعة : 15 مشروعا متنوعا لصناعة المشايات يدويا /
_cتأليف جوجو فايل
250 _aط.1
260 _aالقاهرة :
_bدار الفاروق ،
_c2005 .
300 _a76 ص. :
_bايض. ؛
_c30 سم.
490 _aسلسلة الاقتصاد المنزلى
_v0
650 0 4 _aالاقتصاد المنزلى
650 0 4 _aالمشايات
942 _2ddc
_cBK